Pathology Illustrated (Record no. 685)

MARC details
000 -LEADER
fixed length control field 01025cam a22003134a 4500
001 - CONTROL NUMBER
control field 2157806
003 - CONTROL NUMBER IDENTIFIER
control field OSt
005 - DATE AND TIME OF LATEST TRANSACTION
control field 20220919160242.0
008 - FIXED-LENGTH DATA ELEMENTS--GENERAL INFORMATION
fixed length control field 990406s2000 stka 001 0 eng c
010 ## - LIBRARY OF CONGRESS CONTROL NUMBER
LC control number 99028979
020 ## - INTERNATIONAL STANDARD BOOK NUMBER
International Standard Book Number 044305956X
020 ## - INTERNATIONAL STANDARD BOOK NUMBER
International Standard Book Number 0443059578
040 ## - CATALOGING SOURCE
Original cataloging agency DNLM/DLC
Transcribing agency DLC
Modifying agency DLC
042 ## - AUTHENTICATION CODE
Authentication code pcc
050 00 - LIBRARY OF CONGRESS CALL NUMBER
Classification number RB111
Item number .G68 2000
060 10 - NATIONAL LIBRARY OF MEDICINE CALL NUMBER
Classification number QZ 4
Item number M143p 2000
082 00 - DEWEY DECIMAL CLASSIFICATION NUMBER
Classification number QZ21 M164p 2000
Edition number 21
100 1# - MAIN ENTRY--PERSONAL NAME
Personal name Macfarlane, Peter S.; Reid, Robin; Callander, Robin.
9 (RLIN) 1800
245 10 - TITLE STATEMENT
Title Pathology Illustrated
250 ## - EDITION STATEMENT
Edition statement 5th ed.
260 ## - PUBLICATION, DISTRIBUTION, ETC. (IMPRINT)
Place of publication, distribution, etc. Edinburgh ;
Name of publisher, distributor, etc. Churchill Livingstone,
Date of publication, distribution, etc. 2000.
300 ## - PHYSICAL DESCRIPTION
Extent xi, 684 p. :
Other physical details ill. ;
Dimensions 25 cm.
500 ## - GENERAL NOTE
General note Includes index.
650 #0 - SUBJECT ADDED ENTRY--TOPICAL TERM
Topical term or geographic name as entry element Pathology.
9 (RLIN) 37
906 ## - LOCAL DATA ELEMENT F, LDF (RLIN)
a 7
b cbc
c pccadap
d 1
e ocip
f 19
g y-gencatlg
942 ## - ADDED ENTRY ELEMENTS (KOHA)
Source of classification or shelving scheme Other/Generic Classification Scheme
Koha item type Short Loan
Holdings
Withdrawn status Lost status Source of classification or shelving scheme Damaged status Not for loan Home library Current library Date acquired Source of acquisition Inventory number Total Checkouts Full call number Barcode Date last seen Koha item type
    Other/Generic Classification Scheme     MUST Main Library MUST Main Library 05/11/2014 Donation 04/22013   QZ 21 M164p 2000 2014-3282 05/11/2014 Short Loan